|
|
|
|
| LEADER |
01466nam a2200397 a 4500 |
| 001 |
nkc20142564519 |
| 003 |
CZ PrNK |
| 005 |
20140328085744.0 |
| 007 |
ta |
| 008 |
140206s2013 xr a f 001 0 cze |
| 015 |
|
|
|a cnb002564519
|
| 020 |
|
|
|a 978-80-7272-592-2
|q (brož.)
|
| 035 |
|
|
|a (OCoLC)872342758
|
| 040 |
|
|
|a BOA001
|b cze
|
| 041 |
0 |
|
|a cze
|b eng
|
| 072 |
|
7 |
|a 808
|x Literární styl. Literární činnost a technika. Efektivní využívání jazyka. Spisovatelská činnost
|2 Konspekt
|9 11
|
| 080 |
|
|
|a 808.543-027.21
|2 MRF
|
| 080 |
|
|
|a (048.8:082)
|2 MRF
|
| 100 |
1 |
|
|a Kubíček, Tomáš,
|d 1966-
|7 jo20000080606
|4 aut
|
| 245 |
1 |
0 |
|a Naratologie :
|b strukturální analýza vyprávění /
|c Tomáš Kubíček, Jiří Hrabal, Petr A. Bílek
|
| 260 |
|
|
|a V Praze :
|b Dauphin,
|c 2013
|
| 300 |
|
|
|a 247 s. :
|b il. ;
|c 20 cm
|
| 500 |
|
|
|a 300 výt.
|
| 504 |
|
|
|a Obsahuje bibliografie, bibliografické odkazy a rejstříky
|
| 546 |
|
|
|a Anglické resumé
|
| 650 |
0 |
7 |
|a naratologie
|7 ph500243
|2 czenas
|
| 650 |
0 |
9 |
|a narratology
|2 eczenas
|
| 655 |
|
7 |
|a kolektivní monografie
|7 fd501537
|2 czenas
|
| 655 |
|
9 |
|a collective monographs
|2 eczenas
|
| 700 |
1 |
|
|a Hrabal, Jiří,
|d 1973-
|7 mzk2003171492
|4 aut
|
| 700 |
1 |
|
|a Bílek, Petr A.,
|d 1962-
|7 jn19981000425
|4 aut
|
| 910 |
2 |
|
|a BOA001
|b 2-1320.228
|
| 990 |
|
|
|a BK
|
| 995 |
|
|
|a 01
|
| 991 |
|
|
|b 201402
|c NOV
|e n
|
| 996 |
6 |
|
|b 2610580696
|c 2-1320.228
|l MZK
|r Sklad / do 1 hodiny
|n 93
|p p.v.
|w 001400178
|u 000010
|a 1
|e BOA001
|j MZK50
|s P
|